书目信息 |
| 题名: |
新形势下的社会主义精神文明建设
|
|
| 作者: | ;中共河南省委政策研究室 编 | |
| 分册: | ||
| 出版信息: | 郑州 河南人民出版社 198600 |
|
| 页数: | 279页 | |
| 开本: | 20cm | |
| 丛书名: | ||
| 单 册: | ||
| 中图分类: | B824 | |
| 科图分类: | ||
| 主题词: | 社会--道德 | |
| 电子资源: | ||
| ISBN: | ||
| 000 | 00668nam0 2200193 450 | |
| 001 | 0840184633 | |
| 005 | 20080401111307.03 | |
| 010 | @dCNY1.50 | |
| 100 | @a20080401d1986 km y0chiy0120 ea | |
| 101 | 0 | @achi |
| 102 | @aCN@b410000 | |
| 200 | 1 | @a新形势下的社会主义精神文明建设@Axin xing shi xia de she hui zhu yi jing shen wen ming jian she@f中共河南省委政策研究室编@Fzhong gong he nan sheng wei zheng ce yan jiu shi bian |
| 210 | @a郑州@c河南人民出版社@d198600 | |
| 215 | @a279页@d20cm | |
| 606 | 0 | @a社会@x道德 |
| 690 | @aB824@v4 | |
| 711 | 02 | @a中共河南省委政策研究室@Azhong gong he nan sheng wei zheng ce yan jiu shi@4编 |
| 801 | 0 | @aCN@c20080401 |
| 905 | @dB824@eZ513 | |
| 新形势下的社会主义精神文明建设/中共河南省委政策研究室编.-郑州:河南人民出版社,198600 |
| 279页;20cm |
| ISBN :CNY1.50 |
| ● |
| 相关链接 |
|
|
|
正题名:新形势下的社会主义精神文明建设
索取号:B824/Z513
 
预约/预借
| 序号 | 登录号 | 条形码 | 馆藏地/架位号 | 状态 | 备注 |
| 1 | 451165 | 204511652 | 社科库509/509社科库 29排1列4层/ [索取号:B824/Z513] | 在馆 |